Estadísticas para Países con Z

Haz click aquí para tomar la prueba!

Estadísticas generales

  • Esta prueba ha sido tomada 10.576 veces
    (2.512 desde el último reinicio)
  • La puntuación promedio es 8 de 12

Estadísticas de respuestas

País% Correcto
Zambia
96%
Zimbabue
92%
Nueva Zelanda
79%
Suiza
72%
Kazajistán
70%
Venezuela
69%
Uzbekistán
68%
Azerbaiyán
63%
Mozambique
63%
Tanzania
61%
Túnez
52%
Bosnia y Herzegovina
50%

Distribución de puntuación

Porcentaje por número respondido

Porcentaje de gente con cada puntuación

Historial de tus puntuaciones

No has tomado esta prueba desde el último reinicio